Marvel Characters with 'Phantom' in Their Name by Picture - Statistics

General Stats
  • This quiz has been taken 11 times
  • The average score is 4 of 9
Answer Stats
Picture Answer % Correct
the Phantom (Donald Birch)
100%
Phantom Rider
91%
Space Phantom
55%
Blonde Phantom
45%
Blonde Phantom (Wanda Mason)
45%
Night Phantom
27%
Phantom Eagle
27%
Phantom Bullet
18%
Phantom Reporter
18%
No matching quizzes found
Score Distribution
Percent of People with Each Score
Percentile by Number Answered
Your Score History
You have not taken this quiz